[Event "Floripa Chess Open 2024"]
[Site "Florianopolis"]
[Date "2024.01.28"]
[Round "10.80"]
[White "Calcada, Henrique Galvan"]
[Black "Hirano, Enzo Erich Kreutz"]
[Result "1-0"]
[WhiteElo "1672"]
[BlackElo "1861"]
[PlyCount "89"]
[EventDate "2024.01.20"]
[EventRounds "10"]
[EventCountry "BRA"]

1. Nf3 c5 2. c4 Nc6 3. g3 e5 4. Nc3 g6 5. d3 Bg7 6. Bg2 Nge7 7. O-O d6 8. Nd5
O-O 9. Ne1 Be6 10. Nc2 h6 $146 ({RR} 10... f5 11. Bd2 Qd7 12. Rb1 Rae8 13. a3
f4 14. b4 b6 15. a4 Bh3 16. bxc5 dxc5 17. Nxe7+ Nxe7 18. a5 Bxg2 19. Kxg2 f3+
20. exf3 Qxd3 21. axb6 axb6 22. Bg5 Qxc4 23. Bxe7 Rxe7 24. Rxb6 Ref7 25. Ne3 {
Doda,Z-Zoltek,T Wroclaw 1967 1-0 (46)}) ({RR} 10... Rb8 11. a4 Qd7 12. Bg5 f6
13. Bd2 Bh3 14. e4 Bxg2 15. Kxg2 f5 16. f3 Nxd5 17. cxd5 Nd8 18. Na3 Nf7 19.
Nc4 Bh6 20. Bxh6 Nxh6 21. Qd2 f4 22. g4 Kg7 23. Qf2 Ng8 24. b4 b6 25. b5 {
Istratescu,A (2624)-Volokitin,A (2671) Merida 2005 1-0 (41)}) ({RR} 10... Qd7
11. Re1 Rab8 12. Rb1 b5 13. b3 h6 14. Bxh6 Bxd5 15. Bxg7 Kxg7 16. cxd5 Nd4 17.
e3 Nxc2 18. Qxc2 f5 19. f4 Rbc8 20. Qb2 Qc7 21. Rbc1 Qb8 22. e4 fxe4 23. Rxe4
Nf5 24. fxe5 dxe5 25. Qxe5+ {Bilovil,B (2262)-Mirzoev,E (2473) Omelnyk UKR
2021 0-1 (37)}) ({RR} 10... Rb8 11. Bd2 b5 12. b3 h6 13. Rb1 f5 14. e3 Qd7 15.
Bc3 Kh7 16. Qd2 Bg8 17. f4 b4 18. Ba1 a5 19. Rbe1 a4 20. Nxe7 Nxe7 21. e4 fxe4
22. fxe5 dxe5 23. Bxe4 Be6 24. Ne3 Nc6 25. Qe2 {Condie,M (2310)-Hansen,C
Groningen 1982 1/2-1/2 (35)}) ({RR} 10... Rb8 11. e4 b5 12. Nce3 a6 13. g4 h6
14. f4 exf4 15. Rxf4 Be5 16. Rf2 Nd4 17. Nf6+ Kg7 18. Qf1 Ng8 19. Nxg8 Qh4 20.
Bh3 Kxg8 21. Qg2 Kh7 22. Bd2 bxc4 23. Be1 Qg5 24. Nxc4 Bxc4 25. dxc4 {McCarthy,
T-Donaldson,J (2405) Seattle,WA 1983 0-1 (31)}) 11. f4 f5 12. Bd2 a5 13. Bc3
Rb8 14. a4 Nb4 15. Nxe7+ Qxe7 16. Ne3 exf4 17. gxf4 Rfe8 18. Rf2 Kh7 19. Qd2
Bg8 20. Nc2 Nxc2 21. Qxc2 Bd4 22. Bxd4 cxd4 23. b4 d5 24. cxd5 Qxb4 25. Rb1 Qc3
26. Qxc3 dxc3 27. e4 fxe4 28. dxe4 Rec8 29. Rc2 Rc4 30. Rb5 b6 31. Kf2 Kg7 32.
Ke3 Bf7 33. Kd3 Rcc8 34. Bh3 Rd8 35. Rxc3 Be8 36. Rc7+ Kf8 37. Rb1 Bxa4 38. Rg1
Be8 39. Kd4 Bf7 40. Ke5 b5 41. Kf6 Bxd5 42. exd5 Rxd5 43. Rf7+ Kg8 44. Rxg6+
Kh8 45. Rxh6+ 1-0

[Event "Floripa Chess Open 2024"]
[Site "Florianopolis"]
[Date "2024.01.28"]
[Round "10.81"]
[White "Santos, Abel Cardoso Dos"]
[Black "Zottis, Pietro"]
[Result "1-0"]
[WhiteElo "1854"]
[BlackElo "1418"]
[PlyCount "53"]
[EventDate "2024.01.20"]
[EventRounds "10"]
[EventCountry "BRA"]

1. e4 c6 2. d4 d5 3. Nc3 dxe4 4. Nxe4 Nf6 5. Nxf6+ exf6 6. c3 Bd6 7. Bd3 O-O 8.
Qc2 Re8+ 9. Ne2 g6 10. Bh6 ({RR} 10. Be3 Nd7 11. O-O Qc7 12. g3 Nf8 13. Rfe1
Bg4 14. Qd2 Ne6 15. Kg2 Qd7 16. Nf4 Ng5 17. h4 Bf3+ {0-1 (17) Belozerov,A 
(2528)-Jobava,B (2627) St Petersburg RUS 2018}) 10... b6 $146 ({RR} 10... Qa5
11. Qd2 Bf5 12. Be3 Nd7 13. O-O Bxd3 14. Qxd3 Rad8 15. Nf4 Nc5 16. Qd1 Bxf4 17.
Bxf4 Ne6 18. Bg3 c5 19. Qf3 cxd4 20. Qxf6 Ng7 21. cxd4 Nh5 22. Qf3 Qd5 23. Qxd5
Rxd5 24. Bc7 Rxd4 25. Rfe1 {Del Rio de Angelis,S (2487)-Vezzosi,P (2379)
Monselice 2003 1/2-1/2 (52)}) ({RR} 10... f5 11. O-O-O Be6 12. Kb1 a5 13. h4 a4
14. h5 a3 15. b3 g5 16. f4 g4 17. Ng3 Qf6 18. Bg5 Qg7 19. h6 Qf8 20. Bxf5 f6
21. Bxh7+ Kh8 22. Bh4 Bxf4 23. Nh5 Bg5 24. Bxg5 fxg5 25. Ng7 {Martin,L (2205)
-Nanditha,V (1666) chess.com INT 2021 1-0 (43)}) ({RR} 10... Be6 11. O-O Qc7
12. h3 Nd7 13. c4 f5 14. Bg5 Be7 15. Bxe7 Rxe7 16. Qc3 Nf8 17. Kh1 Rd8 18. Rad1
Bc8 19. Ng1 Ne6 20. Bc2 Red7 21. Nf3 Qf4 22. Rfe1 Rd6 23. d5 Nc5 24. Rd4 Qh6
25. b4 {Lane,G (2436)-Arab,A (2227) Bled 2002 1/2-1/2 (87)}) ({RR} 10... Bf8
11. Bxf8 Kxf8 12. O-O-O a5 13. h4 h5 14. Kb1 Na6 15. Nf4 f5 16. Qc1 Kg7 17. Rh3
b5 18. d5 Qd6 19. Rg3 Rh8 20. Be2 Kf8 21. dxc6 Qf6 22. Qe3 Be6 23. Bxb5 Re8 24.
Nxe6+ Rxe6 25. Qb6 {Fischer,T (2070)-Garcia Sanchez,R (1640) Filseck 1998 1-0})
11. O-O-O a5 12. h4 b5 13. h5 f5 14. hxg6 fxg6 15. Nf4 Qf6 16. Nh3 Be6 17. Kb1
Ra7 18. f3 Bf8 19. Bf4 Qf7 20. b3 a4 21. b4 Be7 22. Rde1 Na6 23. Qd2 a3 24. Re2
Nxb4 25. cxb4 Ra4 26. Ng5 Rxb4+ 27. Qxb4 1-0

[Event "Floripa Chess Open 2024"]
[Site "Florianopolis"]
[Date "2024.01.28"]
[Round "10.82"]
[White "Hessmann, Eduardo Franzoni"]
[Black "Cardoso, Leandro Ubialli"]
[Result "1-0"]
[WhiteElo "1665"]
[BlackElo "1842"]
[PlyCount "105"]
[EventDate "2024.01.20"]
[EventRounds "10"]
[EventCountry "BRA"]

1. e4 c5 2. Nf3 Nc6 3. d4 cxd4 4. Nxd4 g6 5. c4 Bg7 6. Be3 Nf6 7. f3 O-O 8. Nc3
Qb6 9. Ncb5 a6 10. Nc2 Qa5+ 11. Nc3 d6 12. Qd2 Be6 13. Nd5 Qxd2+ 14. Kxd2 Rac8
$146 ({RR} 14... Bxd5 15. cxd5 Ne5 16. Be2 Rac8 17. Rhc1 Nc4+ 18. Bxc4 Rxc4 19.
Na3 Rcc8 20. Nc4 Nd7 21. Rab1 {1/2-1/2 (21) Jimenez Villena,F (2232)-Re,M Tres
de Febrero 2003}) 15. Rc1 Nd7 16. b3 f5 17. exf5 Bxf5 18. Bd3 Bxd3 19. Kxd3
Nde5+ 20. Ke2 e6 21. Ndb4 Ne7 22. Nd4 Kf7 23. Rhd1 Rfd8 24. h3 Nf5 25. Nxf5
gxf5 26. Nd3 Nxd3 27. Rxd3 b5 28. c5 d5 29. f4 Rc6 30. Bd4 Bh6 31. Kf3 Rg8 32.
b4 Bf8 33. g4 fxg4+ 34. hxg4 Bg7 35. Rh1 Bxd4 36. Rxd4 Kg7 37. g5 a5 38. a3
axb4 39. axb4 Ra8 40. Rh6 Raa6 41. f5 exf5 42. Rxc6 Rxc6 43. Rxd5 Ra6 44. Kf4
Ra4 45. Rd4 Kg6 46. c6 Ra1 47. Rd6+ Kf7 48. Kxf5 Rf1+ 49. Ke5 Rc1 50. Rd7+ Ke8
51. Kd6 Rc4 52. Rxh7 Rd4+ 53. Kc5 1-0

[Event "Floripa Chess Open 2024"]
[Site "Florianopolis"]
[Date "2024.01.28"]
[Round "10.83"]
[White "De Oliveira, Matheus Tavares"]
[Black "Nunes, Agatha Hurba"]
[Result "0-1"]
[WhiteElo "1612"]
[BlackElo "1840"]
[PlyCount "56"]
[EventDate "2024.01.20"]
[EventRounds "10"]
[EventCountry "BRA"]

1. d4 Nf6 2. c4 e6 3. g3 Bb4+ 4. Bd2 Bxd2+ 5. Nxd2 O-O 6. Bg2 d5 7. Ngf3 c6 8.
Qc2 Nbd7 9. b3 $146 ({RR} 9. O-O Re8 10. e4 dxc4 11. Nxc4 Nf8 12. Rfd1 Ng6 13.
Rac1 Qc7 14. b4 Nd7 15. Ne3 Qd6 16. Qb3 Nb6 17. a4 a5 18. bxa5 Nd7 19. d5 exd5
20. exd5 Qc7 21. dxc6 bxc6 22. Nd4 Rb8 23. Qc3 c5 {Hellwege,W (2000)-Jenkins,T
(1969) Dresden 2010 1-0 (36)}) ({RR} 9. O-O b6 10. e4 Bb7 11. e5 Ne8 12. c5
bxc5 13. dxc5 a5 14. Rfe1 Nc7 15. Bf1 Ba6 16. Nd4 Nb8 17. f4 Bxf1 18. Rxf1 Nb5
19. N4f3 a4 20. Ng5 g6 21. h4 Nd7 22. Rac1 Qe7 23. Ngf3 Qd8 {Meier,G (2619)
-Margvelashvili,G (2555) Lubbock 2013 1/2-1/2}) ({RR} 9. O-O b6 10. e4 dxe4 11.
Nxe4 Nxe4 12. Qxe4 Bb7 13. Rac1 Nf6 14. Qe3 Rc8 15. Rfd1 Qe7 16. Ne5 c5 17. d5
exd5 18. cxd5 Qd6 19. Nc4 Qb8 20. Qe5 Qxe5 21. Nxe5 Rcd8 22. d6 Bxg2 23. Kxg2
Rfe8 {Wunnink,M (2249)-Timmermans,A (1860) Vlissingen NED 2019 1-0 (35)}) ({RR
} 9. O-O Qe7 10. e4 dxe4 11. Nxe4 Nxe4 12. Qxe4 Nf6 13. Qe3 Rd8 14. Rad1 a5 15.
Rfe1 Qb4 16. Qe2 Bd7 17. Ne5 Be8 18. Rd2 Rac8 19. Red1 Qb6 20. h4 Qc7 21. Bh3
Qe7 22. Rd3 Nd7 23. Nf3 Nf6 {Von Auer,U (2101)-Faqiry,R (1984) Frankfurt 2008
1/2-1/2 (38)}) ({RR} 9. O-O Re8 10. e4 dxe4 11. Nxe4 e5 12. Nd6 Re7 13. Rad1
Qc7 14. Nf5 Re8 15. Rfe1 e4 16. Ng5 Nf8 17. Nxe4 Nxe4 18. Bxe4 Qa5 19. Ne3 Bd7
20. b4 Qxb4 21. Rb1 Qa5 22. Red1 Qc7 23. d5 cxd5 {Lessard,C (2005)-Bourassa,A 
(1762) Quebec 2009 1-0 (44)}) 9... Re8 10. O-O Nf8 11. e4 dxe4 12. Nxe4 Nxe4
13. Qxe4 Bd7 14. Rfd1 Qe7 15. Ne5 Rad8 16. Nxd7 Rxd7 17. d5 Red8 18. Re1 cxd5
19. cxd5 Qf6 20. dxe6 Nxe6 21. Bh3 Rd2 22. Qe3 Nf8 23. Bg2 b6 24. Be4 Ne6 25.
Qf3 Qb2 26. Rab1 Qd4 27. a4 Ng5 28. Qg2 Rxf2 0-1

[Event "Floripa Chess Open 2024"]
[Site "Florianopolis"]
[Date "2024.01.28"]
[Round "10.84"]
[White "Flesch, Lucas Henrique Ye"]
[Black "Perondi, Rodolfo Antonio"]
[Result "0-1"]
[WhiteElo "1571"]
[BlackElo "1840"]
[PlyCount "120"]
[EventDate "2024.01.20"]
[EventRounds "10"]
[EventCountry "BRA"]

1. e4 e5 2. Nf3 Nc6 3. Bc4 Bc5 4. c3 Nf6 5. d4 exd4 6. e5 d5 7. Bb5 Ne4 8. cxd4
Bb6 9. Nc3 O-O 10. Be3 Ne7 ({RR} 10... f5 11. exf6 Nxf6 12. Bxc6 bxc6 13. Ne5
Ba6 14. Qa4 Qc8 15. Nxc6 Kh8 16. Nb4 Bc4 17. O-O-O c5 18. dxc5 Bxc5 19. Nc6
Bxe3+ 20. fxe3 Qe8 21. Nd4 Qxe3+ 22. Kb1 Rab8 23. Qc2 Rb6 24. Rhe1 Qh6 25. b3 {
Leko,P (2741)-Eljanov,P (2716) Moscow 2008 0-1 (45)}) 11. Bd3 f5 ({RR} 11...
Bf5 12. O-O Qd7 13. a4 Nxc3 14. bxc3 Ba5 15. Nh4 Bxd3 16. Qxd3 Qg4 17. g3 f6
18. f3 Qe6 19. f4 Qc6 20. Rac1 Qc4 21. Qc2 f5 22. Nf3 b5 23. Nd2 Qc6 24. Nb3
bxa4 25. Nxa5 Qb5 26. Ra1 {Swinkels,R (2514)-Sokolov,I (2594) Hoogeveen NED
2021 1/2-1/2 (41)}) 12. exf6 Nxf6 13. h3 $146 ({RR} 13. O-O Bf5 14. Ne5 c6 15.
f4 Bxd3 16. Qxd3 Nc8 17. f5 Nd6 18. Rf3 Qe7 19. Raf1 Nf7 20. Nxf7 Rxf7 21. Kh1
Re8 22. Bg1 Qb4 23. b3 Ne4 24. Re3 Rfe7 25. Nxe4 dxe4 26. Qe2 Bxd4 27. Rh3 e3 {
Melkumyan,H (2668)-Girish,A (2506) Sitges ESP 2019 1/2-1/2 (36)}) ({RR} 13. Ne5
Nf5 14. Bxf5 Bxf5 15. g4 Be4 16. O-O Nd7 17. Nxe4 Nxe5 18. Ng5 h6 19. Ne6 Nf3+
20. Qxf3 Rxf3 21. Nxd8 Rxd8 22. b4 Re8 23. Kg2 Rf6 24. Rfd1 Re4 25. Kg3 Rc6 26.
Rac1 Rxc1 27. Rxc1 Bxd4 {Steinitz,W-Pillsbury,H Vienna 1898 1/2-1/2 (46)}) ({RR
} 13. Qc2 Nc6 14. a3 Bg4 15. Ne2 Ne4 16. O-O-O Bf5 17. Ng3 Nxg3 18. hxg3 Qf6
19. g4 Bxd3 20. Qxd3 Qg6 21. Qxg6 hxg6 22. Ng5 Nd8 23. Rh3 Re8 24. Nf3 Nf7 25.
Nh4 Re6 26. Rdh1 Rae8 27. Nf3 Re4 {Ventura,S (2017)-Zimina,O (2330) Bergamo
2013 0-1 (71)}) 13... Nf5 14. O-O Nxe3 15. fxe3 Re8 16. Re1 c6 17. Qc2 Be6 18.
Ng5 h6 19. Nxe6 Rxe6 20. Rad1 Qe7 21. Qf2 Rf8 22. Bf5 Rd6 23. Qc2 Rdd8 24. Qd3
Qd6 25. e4 dxe4 26. Nxe4 Qxd4+ 27. Qxd4 Rxd4 28. Rxd4 Bxd4+ 29. Kh1 Nxe4 30.
Be6+ Kh8 31. Rxe4 Bxb2 32. Rb4 Be5 33. g4 Rf6 34. Bd7 b6 35. Re4 Rd6 36. Bxc6
Rxc6 37. Rxe5 Rc1+ 38. Kg2 Rc2+ 39. Kg3 Rxa2 40. Kf4 Kh7 41. Re6 Ra3 42. g5
hxg5+ 43. Kg4 Ra5 44. Kh5 Rc5 45. Rd6 b5 46. Ra6 Rc7 47. Kxg5 b4 48. Ra5 Rb7
49. h4 b3 50. Ra1 b2 51. Rb1 a5 52. h5 a4 53. h6 gxh6+ 54. Kh5 a3 55. Rd1 b1=Q
56. Rd4 Qg6+ 57. Kh4 Qg5+ 58. Kh3 Rb3+ 59. Kh2 Qg3+ 60. Kh1 Rb1+ 0-1

[Event "Floripa Chess Open 2024"]
[Site "Florianopolis"]
[Date "2024.01.28"]
[Round "10.86"]
[White "Rodriguez Farias, Eduardo"]
[Black "Dos Santos, Welligton Carlos"]
[Result "1-0"]
[WhiteElo "1829"]
[BlackElo "1541"]
[PlyCount "47"]
[EventDate "2024.01.20"]
[EventRounds "10"]
[EventCountry "BRA"]

1. e4 c5 2. c3 Nc6 3. d4 cxd4 4. cxd4 d5 5. e5 Qb6 6. Nc3 e6 7. Nf3 Nge7 8. Bd3
Bd7 9. Be3 ({RR} 9. O-O Ng6 10. Bc2 Be7 11. g3 f6 12. h4 O-O-O 13. h5 Nf8 14.
Na4 Qc7 15. h6 Rg8 16. hxg7 Rxg7 17. exf6 Bxf6 18. Be3 Kb8 19. Nc5 h5 20. Kh2
Ka8 21. Ba4 Ng6 22. Bxc6 Qxc6 23. Rc1 Qd6 {Susnik,M (2255)-Stucl,B (2295) Bled
1996 0-1 (41)}) ({RR} 9. Bb1 g6 10. O-O Bg7 11. Na4 Qc7 12. Bg5 O-O 13. Qd2 Nc8
14. Nc5 b6 15. Nxd7 Qxd7 16. Bd3 a6 17. Rac1 b5 18. Bh6 Nb6 19. b3 Rfc8 20. h4
Qe7 21. Bxg7 Kxg7 22. h5 Ra7 23. Bb1 Rac7 {Wang,P (1250)-Wang,E Changsha CHN
2019 1-0 (37)}) 9... Ng6 10. h4 $146 ({RR} 10. O-O Be7 11. a3 O-O 12. b4 Rfc8
13. Na4 Qd8 14. Nc5 b6 15. Nxd7 Qxd7 16. h4 Qd8 17. h5 Nf8 18. g4 a5 19. b5 Nb8
20. Nh2 Nbd7 21. f4 f6 22. exf6 Nxf6 23. g5 Ne4 24. Bxe4 dxe4 {Logvinov,
K-Sergeev,A (2031) Russia 2007 1/2-1/2 (40)}) 10... Nb4 11. Be2 Ne7 12. a3 Nbc6
13. b4 Nf5 14. Na4 Qd8 15. Bd3 Nxe3 16. fxe3 Be7 17. O-O h6 18. Nc5 Bc8 19. Qe1
g5 20. Qf2 Rf8 21. Nh2 h5 22. hxg5 Bxg5 23. Bg6 Bh6 24. Bxf7+ 1-0

[Event "Floripa Chess Open 2024"]
[Site "Florianopolis"]
[Date "2024.01.28"]
[Round "10.87"]
[White "Ramazzotte, Maicon Zilli"]
[Black "Hataby, Raed"]
[Result "1-0"]
[WhiteElo "1682"]
[BlackElo "1888"]
[PlyCount "75"]
[EventDate "2024.01.20"]
[EventRounds "10"]
[EventCountry "BRA"]

1. e4 d6 2. d4 g6 3. Nf3 Bg7 4. Nc3 Nf6 5. Bd3 Nc6 6. O-O Bg4 7. Be3 O-O 8. h3
Bxf3 9. Qxf3 e5 10. d5 $146 ({RR} 10. dxe5 Nxe5 11. Qe2 Nxd3 12. cxd3 Qd7 13.
f4 Rae8 14. g4 h6 15. Qg2 Nh7 16. Ne2 Qb5 17. Rfe1 Qxd3 18. Ng3 Qb5 19. f5 Qxb2
20. Qxb2 Bxb2 21. Rab1 Be5 22. fxg6 fxg6 23. Ne2 b6 24. Bxh6 Rf3 {Salomon,H 
(1700)-Westerman,H (1946) Bad Woerishofen 2008 1-0 (33)}) 10... Ne7 11. Ne2 c6
12. Bg5 Ne8 13. dxc6 bxc6 14. Bc4 h6 15. Bh4 g5 16. Bg3 d5 17. Rad1 Nd6 18. Bd3
Rb8 19. Qe3 Qb6 20. Qxb6 Rxb6 21. exd5 cxd5 22. b3 f5 23. c4 dxc4 24. bxc4 Rc8
25. Rc1 Rbc6 26. Nc3 Nxc4 27. Nb5 Nb2 28. Rxc6 Nxc6 29. Bxf5 Rb8 30. Nd6 Nd4
31. Bg4 Nd3 32. h4 Nf4 33. Bh2 Rb2 34. Rc1 h5 35. Rc8+ Bf8 36. Bd7 Rxa2 37.
hxg5 Nb3 38. Bxf4 1-0

[Event "Floripa Chess Open 2024"]
[Site "Florianopolis"]
[Date "2024.01.28"]
[Round "10.88"]
[White "De Souza, Joao Francisco Biz"]
[Black "Barbosa, Flavio Novais"]
[Result "1/2-1/2"]
[WhiteElo "1523"]
[BlackElo "1827"]
[PlyCount "60"]
[EventDate "2024.01.20"]
[EventRounds "10"]
[EventCountry "BRA"]

1. d4 Nf6 2. c4 c6 3. Nf3 d5 4. Qc2 g6 5. Bf4 Bg7 6. e3 Bf5 7. Bd3 ({RR} 7. Qb3
O-O 8. Nc3 dxc4 9. Qxb7 Nh5 10. Be5 f6 11. Bxc4+ Kh8 12. Bc7 Qd7 13. h3 Rc8 14.
g4 Rxc7 15. Qxa8 Rc8 16. gxf5 gxf5 17. Bf7 Na6 18. Qxc8+ Qxc8 19. Bxh5 Nb4 20.
O-O-O f4 21. e4 f5 {Bajarani,U (2460)-Haussernot,C (2144) Marmaris TUR 2019 1-0
}) 7... Bxd3 8. Qxd3 O-O 9. O-O Nh5 $146 ({RR} 9... Nbd7 10. Nc3 Rc8 11. Rfd1
Qa5 12. Ne5 Nxe5 13. Bxe5 Rfd8 14. Rac1 e6 15. c5 b6 16. cxb6 axb6 17. a4 Nd7
18. Bd6 c5 19. Qb5 cxd4 20. exd4 Rc4 21. b4 Qxb5 22. Nxb5 Rdc8 23. Rxc4 Rxc4
24. Kf1 {Mandl,R (2390)-Stangl,M (2505) Dortmund 1993 1/2-1/2 (31)}) ({RR} 9...
Nbd7 10. Nc3 dxc4 11. Qxc4 Nb6 12. Qb3 Nfd5 13. Bg3 Qc8 14. e4 Nf6 15. Rac1 e6
16. a4 Rd8 17. Bh4 Rf8 18. a5 Nbd7 19. Bg3 Nh5 20. Bd6 Rd8 21. h3 Nb8 22. Bh2
Na6 23. Qc4 Qd7 24. Rcd1 {Mikhailov,V (2261)-Baboyan,E (2190) Kemerovo 2009 1/
2-1/2 (47)}) ({RR} 9... Nbd7 10. Qb3 Qb6 11. Qc2 Nh5 12. cxd5 cxd5 13. Bc7 Rfc8
14. Rc1 Qa6 15. Na3 Nhf6 16. Qb3 e6 17. Rc2 Bf8 18. Nb5 Ne8 19. Rac1 b6 20. Rc6
Qb7 21. R6c3 a6 22. Bf4 axb5 23. a3 Rxc3 24. Qxc3 {Szalko,M (1694)-Svec,D 
(1927) Kaunas 2013 0-1 (46)}) 10. Be5 e6 11. Nbd2 Nd7 12. Bxg7 Kxg7 13. Rac1
Nhf6 14. b4 dxc4 15. Nxc4 Qe7 16. a3 Rfd8 17. Qb1 Rab8 18. Na5 e5 19. Rfd1 e4
20. Nd2 Re8 21. Qb3 Nb6 22. Nac4 Nxc4 23. Qxc4 Qe6 24. Rb1 Qxc4 25. Nxc4 Nd5
26. Rdc1 a6 27. a4 Nc7 28. h3 Re7 29. Nd6 Re6 30. Nc4 Re7 1/2-1/2

[Event "Floripa Chess Open 2024"]
[Site "Florianopolis"]
[Date "2024.01.28"]
[Round "10.89"]
[White "Gomes, Joao Paulo Santos"]
[Black "Ribeiro, Regina"]
[Result "1/2-1/2"]
[WhiteElo "1514"]
[BlackElo "1822"]
[PlyCount "44"]
[EventDate "2024.01.20"]
[EventRounds "10"]
[EventCountry "BRA"]

1. c4 {Demarre,J/Primel,D} f5 2. g3 Nf6 3. Nc3 e5 4. Bg2 Nc6 5. e3 Bc5 ({RR} 
5... Bb4) 6. Nge2 ({RR} 6. d3 f4) 6... e4 7. d3 ({RR} 7. O-O Ne5 8. d4 exd3 9.
Nf4 Nxc4 10. Qxd3 Ne5 11. Qxf5 d6 12. Qc2) 7... exd3 8. Qxd3 ({RR} 8. Nf4 Bb4
9. Qxd3 d6 10. a3 Ne5 11. Qc2 Bxc3+ 12. Qxc3 a5 13. b3 Ne4 14. Qc2 Nc5 15. Bb2
c6 16. Rd1 Qe7 17. O-O O-O 18. b4 axb4 19. axb4 Ne4 20. Nd3 Ng6 21. Nf4 Ne5 22.
Nh5 Qf7 {Alcazar Jimenez,V (2373)-Arribas Lopez,A (2477) Madrid 2013 1/2-1/2 
(34)}) 8... d6 ({RR} 8... Ne5 9. Qxf5 d6 10. Qc2 Bg4 ({RR} 10... O-O)) 9. O-O (
{RR} 9. Nd4 Ne5 10. Qc2 O-O 11. O-O Qe8 12. Nd5 Nxd5 13. cxd5 Qh5 14. Qd1 Qg6
15. Ne2 Bd7 16. Nf4 Qe8 17. h4 a5 18. Bd2 a4 19. Bc3 Bb6 20. Re1 Rf7 21. Rc1
Re7 22. Re2 Bb5 23. Rec2 c5 {Managadze,N (2436)-Xu,G (2231) New York USA 2022
1-0 (36)}) 9... O-O 10. Nd4 $146 ({RR} 10. a3 Be6 11. Nf4 Bf7 12. Ncd5 Ne5 13.
Qc2 c6 14. Nxf6+ Qxf6 15. b3 Nxc4 16. bxc4 Qxa1 17. Bb2 Qa2 18. Qc3 {1-0 (18)
Stankowski,Y (1634)-Hoefer,M (1430) Homburg 2010}) ({RR} 10. Na4 Ne5 11. Qc2
Ne4 12. b3 ({RR} 12. Nxc5 Nxc5 13. b4 Ne4 14. Bb2) 12... a5 13. Bb2 Qe7 14.
Rad1 ({RR} 14. Nec3 Nxc3 15. Qxc3) 14... Nxf2 15. Nxc5 ({RR} 15. Rxf2 Bxe3 16.
Nf4) 15... Nxd1 16. Qxd1 ({RR} 16. Rxd1) 16... Ng4 ({RR} 16... dxc5) 17. Nd3
Nxe3 18. Qd2 Nxf1 19. Kxf1 f4 20. Bd5+ Kh8 ({RR} 20... Be6 21. Nexf4 Bxd5 22.
cxd5 g5) 21. Nexf4 c6 22. Bf3 Bf5 ({RR} 22... a4) 23. Kg2 Be4 24. Qe3 Bxf3+ {
Roos,M-Sanner,M Pau 1969 EXT 2013 [Demarre,J/Primel,D] 0-1 (39)}) ({RR} 10. b3
Bd7 11. Bb2 Qe7 12. Nf4 Ne5 13. Ncd5 Qd8 14. Nxf6+ Qxf6 15. Bxe5 Qxe5 16. Qd5+
Qxd5 17. Bxd5+ Kh8 18. Bxb7 Rab8 19. Bd5 c6 20. Bf3 a5 21. Ne2 Ba3 22. Rab1 g5
23. Nc3 Kg7 24. Rfd1 Rbe8 {Nowak,R (2188)-Strzemiecki,Z (2365) Rewal 2006 0-1 
(44)}) 10... Ne5 11. Qe2 f4 12. exf4 Bxd4 13. fxe5 Bxe5 14. Qd3 c6 15. Be3 Ng4
16. Bd4 Bf5 17. Be4 Qf6 18. Bxf5 Qxf5 19. Qxf5 Rxf5 20. Rad1 Raf8 21. Bxe5 Nxe5
22. b3 Ng4 1/2-1/2

[Event "Floripa Chess Open 2024"]
[Site "Florianopolis"]
[Date "2024.01.28"]
[Round "10.90"]
[White "Rodrigues, Nei Jorge"]
[Black "Fonseca, Guilherme"]
[Result "1/2-1/2"]
[WhiteElo "1822"]
[BlackElo "1820"]
[PlyCount "90"]
[EventDate "2024.01.20"]
[EventRounds "10"]
[EventCountry "BRA"]

1. Nf3 Nf6 2. g3 g6 3. Bg2 Bg7 4. O-O O-O 5. c4 d6 6. Nc3 Nc6 7. d3 e5 8. Rb1
a5 9. a3 Rb8 10. b4 axb4 11. axb4 Nd4 ({RR} 11... b6 12. Bg5 h6 13. Bxf6 Bxf6
14. Ne1 Ne7 15. Nc2 Bg7 16. b5 f5 17. Nd5 Kh7 18. Ncb4 Bd7 19. Nxe7 Qxe7 20.
Ra1 Rbc8 21. Ra7 Rf7 22. Bb7 f4 23. Nd5 Qd8 24. Bxc8 Bxc8 25. Nxb6 Bh3 26. Nd5
{Karthikeyan,P (2488)-Alvarez Marquez,J (2404) Basel 2017 1-0}) 12. b5 b6 $146
({RR} 12... Bg4 13. e3 Nxf3+ 14. Bxf3 Qd7 15. Bxg4 Nxg4 16. Qf3 f5 17. Bd2 Nf6
18. Nd5 c6 19. Nxf6+ Bxf6 20. Bb4 Kg7 21. e4 f4 22. g4 c5 23. Bc3 h5 24. h3 Rh8
25. Kg2 hxg4 26. Qxg4 Qf7 27. Ra1 {Heslenfeld,P-Richter,K Bad Woerishofen 1992
0-1 (45)}) 13. Na2 c5 14. bxc6 Nxc6 15. Nc3 d5 16. Nd2 Be6 17. Ba3 Re8 18. Nb5
Bf8 19. Bb2 Qd7 20. Rc1 Rbc8 21. cxd5 Nxd5 22. Nc4 Bc5 23. Nc3 Nxc3 24. Bxc3
Bh3 25. Bxh3 Qxh3 26. Rb1 Rb8 27. Ne3 Qe6 28. Qb3 Nd4 29. Qd1 Ra8 30. Nc4 Ra2
31. e3 Ne2+ 32. Kg2 Nxc3 33. Qb3 Nxb1 34. Qxa2 Nc3 35. Qb2 Nd5 36. Rb1 Qc6 37.
e4 Nb4 38. Qc3 Rd8 39. Rxb4 Bxb4 40. Qxb4 Qf6 41. Qc3 b5 42. Ne3 Qd6 43. Nd5 f5
44. Qb3 Kg7 45. Qxb5 Rb8 1/2-1/2

[Event "Floripa Chess Open 2024"]
[Site "Florianopolis"]
[Date "2024.01.28"]
[Round "10.91"]
[White "Justiniano Flores, Luis Fernando"]
[Black "Samaniego, Diego Pinheiro"]
[Result "1/2-1/2"]
[WhiteElo "1486"]
[BlackElo "1806"]
[PlyCount "114"]
[EventDate "2024.01.20"]
[EventRounds "10"]
[EventCountry "BRA"]

1. d4 Nf6 2. Nf3 g6 3. Nc3 Bg7 4. e4 O-O 5. Bc4 d6 6. Bf4 Nbd7 ({RR} 6... c6 7.
a4 Nxe4 8. Nxe4 d5 9. Bd3 dxe4 10. Bxe4 Nd7 11. c3 Nf6 12. Bd3 Nd5 13. Bg3 Bh6
14. O-O Bg4 15. h3 Be6 16. Re1 Nf4 17. Bf1 a5 18. Re4 Nh5 19. Bh4 Nf6 20. Re1
Re8 21. Ng5 {Hakiki,K (2227)-Mohammed Abdul,M (2290) Kolkata 2009 1-0 (37)}) ({
RR} 6... c6 7. Bb3 b5 8. O-O b4 9. Ne2 Nxe4 10. d5 c5 11. Rb1 Ba6 12. Re1 Qd7
13. Ng3 Nxg3 14. Bxg3 c4 15. Bxc4 Bxc4 16. b3 Bb5 17. Re4 a5 18. Qe1 Bf6 19.
Bh4 Na6 20. Bxf6 exf6 21. a4 {Yuan,P-Huang,S Changsha CHN 2019 0-1}) 7. Qd2 c5
8. d5 Rb8 $146 ({RR} 8... Nb6 9. Be2 Bg4 10. O-O-O Nfd7 11. Bh6 Nf6 12. h3 Bd7
13. g4 Na4 14. Bxg7 Kxg7 15. g5 Ne8 16. Nxa4 Bxa4 17. h4 Bd7 18. h5 Kg8 19. Qf4
Nc7 20. Qh4 {1-0 (20) Hoyos,C (1851)-Ramirez,H (1628) Risaralda 2015}) ({RR} 
8... Qb6 9. O-O-O Nxe4 10. Qe3 Nxc3 11. bxc3 Qa5 12. Kb2 Qb4+ 13. Bb3 c4 14.
Nd4 Qb6 15. Bh6 cxb3 16. cxb3 Ne5 17. Qc1 Bf5 18. Nxf5 Qxf2+ 19. Rd2 Qxf5 20.
Bxg7 Kxg7 21. Qd1 Ng4 22. Qe2 Rac8 23. h3 {Lominadze,G-Abrazevich,Y Budva 2013
0-1 (48)}) ({RR} 8... a6 9. a3 b5 10. Be2 Ne8 11. O-O c4 12. Bh6 Nc5 13. Bxg7
Kxg7 14. Rab1 Nf6 15. Qd4 Kg8 16. b4 cxb3 17. cxb3 Bb7 18. b4 Ncd7 19. Rfd1 Qb6
20. Rbc1 Rac8 21. Rc2 Qxd4 22. Nxd4 Nb6 23. f3 {Gaubatz,S (1379)-Fragin,I 
(1304) Mainz 2002 1/2-1/2}) 9. e5 dxe5 10. Nxe5 Ne4 11. Nxe4 Nxe5 12. Be2 Bf5
13. f3 Rc8 14. g4 Bxe4 15. fxe4 Qb6 16. c4 e6 17. O-O Rcd8 18. Rab1 exd5 19.
exd5 Nc6 20. Bh6 Nd4 21. Bd3 Qd6 22. Bxg7 Kxg7 23. b4 b5 24. Rf4 Kg8 25. Qf2
Ne6 26. Rf6 cxb4 27. Rf1 Qe7 28. dxe6 Rxd3 29. Rxf7 Rxf7 30. exf7+ Kf8 31. cxb5
Qe3 32. Qxe3 Rxe3 33. Rf4 b3 34. axb3 Rxb3 35. Ra4 Rxb5 36. Rxa7 Rb4 37. h3 Rf4
38. Kg2 Rxf7 39. Ra4 g5 40. Kg3 Kg7 41. Ra3 Kg6 42. Rb3 Rf6 43. h4 gxh4+ 44.
Kxh4 h6 45. Rb5 Re6 46. Kg3 Rf6 47. Re5 Rd6 48. Kf4 Rd4+ 49. Kf3 Ra4 50. Re6+
Kg5 51. Re5+ Kg6 52. Re4 Rxe4 53. Kxe4 h5 54. Kf4 h4 55. g5 h3 56. Kg3 h2 57.
Kxh2 Kxg5 1/2-1/2